000 00496nam a2200181 a 4500
005 20140310183532.0
008 110822s19uu xx 00 eng d
020 _a9788131308066
050 _aT 58.6
_b.P189 2010
100 _aPande, Satish
245 _aManagement information system /
_cSatish Pande
260 _aIndia :
_bAPH Publishing,
_c2010.
300 _a264 p. :
_c23 cm.
521 _aBSBA
650 _aManagement
_xInformation systems
942 _cBK
_2lcc
_kFOR
999 _c24649
_d24649